Kitāb al-Kashkūl /

محفوظ في:

المؤلف الرئيسي: ʻĀmilī, Bahāʼ al-Dīn Muḥammad ibn Ḥusayn, 1547-1621 (مؤلف)

مؤلفون آخرون: Manīnī, Aḥmad ibn ʻAlī, 1678 or 1679-1758 or 1759.

التنسيق: كتاب

اللغة: Persian

منشور في: [al-Qāhirah] : al-Maṭbaʻah al-Maymanīyah, Miṣr, 1872.

الموضوعات:

الوسوم: إضافة وسم

لا توجد وسوم, كن أول من يضع وسما على هذه التسجيلة!

رقم الطلب: ( RA )PJ7765 .A4 K3 1872

LEADER 00701nam a2200193Ia 4500
003 OSt
005 20240611094429.0
008 960712s1872 ua 000 0 per d
999 |c 57651  |d 57651 
040 |c ARCE Library 
050 4 |a ( RA )PJ7765 .A4 K3 1872 
100 1 |a ʻĀmilī, Bahāʼ al-Dīn Muḥammad ibn Ḥusayn,   |d 1547-1621,   |e author 
245 1 0 |a Kitāb al-Kashkūl /   |c Bahāʼ al-Dīn Muḥammad ibn Ḥusayn ʻĀmilī 
264 1 |a [al-Qāhirah] :   |b al-Maṭbaʻah al-Maymanīyah, Miṣr,  |c 1872. 
300 |a 435 pages ;   |c 27 cm. 
650 0 |a Encyclopedias and dictionaries, Arabic. 
700 1 |a Manīnī, Aḥmad ibn ʻAlī,   |d 1678 or 1679-1758 or 1759. 
901 |a reviewed 
942 |2 lcc  |c BK